|
|
|
|
| LEADER |
00000nab a2200000 a 4500 |
| 001 |
vtls000349155 |
| 003 |
SK-MaSNL |
| 005 |
20260304081746.0 |
| 008 |
250424c1988 xo 0 slo |
| 015 |
|
|
|a SNBRB19rr/mm-uuuuu
|
| 035 |
|
|
|a CL0349277
|
| 035 |
|
|
|a (urnnbn)urn:nbn:sk:snk:ar-a07omc
|
| 035 |
|
|
|a (uuid)2d15b87f-f5ea-42ec-8d00-ea13f28b7275
|
| 035 |
|
|
|a urn:nbn:sk:snk-ab8afn
|
| 040 |
|
|
|a SNKBUCL
|b slo
|c SNKBUCL
|e AACR2
|
| 041 |
0 |
|
|a slo
|
| 044 |
|
|
|a xo
|c SK
|
| 080 |
|
|
|a 730.025.033.5:719
|2 1981
|
| 080 |
|
|
|a 719
|2 1981
|
| 100 |
1 |
|
|a Záležáková, Gabriela
|4 aut
|9 1130670
|
| 245 |
1 |
0 |
|a Exteriérová kamenná skulptúra
|c Gabriela Záležáková
|
| 300 |
|
|
|b Obr. 5.
|
| 650 |
0 |
7 |
|a skulptúra kamenná exteriérová gotická
|2 snkbucl
|9 1370736
|
| 655 |
|
7 |
|a články z novín a časopisov
|2 snkbucl
|9 267496
|
| 773 |
0 |
|
|t Pamiatky príroda
|g Roč. 19, č. 6 (1988), s. 12-14
|
| 850 |
|
|
|a Slovenská národná knižnica
|
| 852 |
|
|
|a Slovenská národná knižnica
|
| 954 |
|
|
|a odborná, vedecká literatúra pôvodná (slovenská)
|2 lita
|
| 958 |
|
|
|a article9
|
| 958 |
|
|
|a OND
|
| 958 |
|
|
|a RK
|
| 958 |
|
|
|a EUIPO
|
| 992 |
|
|
|a RBX
|
| 999 |
|
|
|c 2792113
|d 2794043
|